000 00535njm a2200181 i 4500
001 C2-0262307
003 PPAK
005 20180729152249.0
008 050129s2004 my |||| ||||| | may d
040 _aPPAK
_beng
_cPPAK
_erda
245 0 0 _aForum remaja : Hala tuju masa kini
264 1 _aAlor Setar, Kedah :
_bPerbadanan Perpustakaan Awam Kedah ,
_c2004
336 _2rdacontent
_atext
337 _2rdamedia
_aunmediated
338 _2rdacarrier
_avolume
500 _aTiada transkripsi ; Dirakam pada 28/7/2004
942 _ddc
_cB
999 _c163395
_d163395